| 000 | 00451cam a2200157 i 4500 | ||
|---|---|---|---|
| 020 | _a9780078025815 (alk. paper) | ||
| 040 | _cDLC | ||
| 082 | 0 | 0 | _a657 MCG 2015 A113 Or. |
| 100 | 1 | _aCopley, Paul A. | |
| 245 | 1 | 0 | _aEssentials of accounting for governmental and not-for-profit organizations / |
| 250 | _aTwelfth edition. | ||
| 300 |
_ax, 470 pages ; _c24 cm |
||
| 650 | 0 | _aAdministrative agencies | |
| 650 | 0 | _aNonprofit organizations | |
| 942 | _cEK | ||
| 999 |
_c17406 _d17406 |
||